Deutsche Filme schlecht beschrieben - Statistiken

Allgemein
  • Dieses Quiz wurde 1.893 mal gespielt
  • Das Durchschnittsergebnis liegt bei 6 aus 15
Antwortstatistiken
Hint Antwort % Korrekt
Lehrer bringt Schüler dazu eine Einheit zu werden, die alle die anders sind ausschließt. Am Ende gibt es einen Toten. Die Welle
69%
Vier Kinder und ein Hund ermitteln gegen Kriminelle in ihrer Gegend. 5 Freunde
60%
Gruppe von Kindern muss immer wieder gegen neue Gegner ankommen. Dafür fahren sie sogar mehrere 100km durch den Wald. Die wilden Kerle
60%
Vergesslicher alter Mann reist mit seiner minderjährigen Enkelin nach Italien. Honig im Kopf
60%
Ehemaliger Verbrecher nimmt Job an um an seinen versteckten Schatz zu kommen. Am Ende behält er sogar den Job. Fack ju Göhte
56%
Kinderbande am Stadtrand sorgt dafür, dass Verbrecher gefangen genommen werden. Vorstadtkrokodile
41%
Mädchen retten mithilfe der verfeindeten Jungsbande ihre Lieblingstiere vor der bösen Großmutter. Die wilden Hühner
37%
Raumschiffbesatzung soll in die Vergangenheit reisen um Marsbesiedlung mithilfe eines Schweizertaschenlasers zu verhindern, würden sich aber lieber für Miss Waikiki vorbereiten. (T)Raumschiff Surprise - Periode 1
34%
Reporter muss nach einem Unfall in einer KiTa arbeiten und verliebt sich dabei in sein ehemaliges Mobbingopfer. Keinohrhasen
30%
Geselliger Abend mit Freunden eskaliert dank Smartphones. Das perfekte Geheimnis
28%
Abendessen eskaliert dank eines ungeborenen Babys. Der Vorname
28%
Teenagerin und ihr kleiner Bruder fliehen nach einem Unfall, der die ganze Region betrifft mit ihren Fahrrädern. Der Bruder stirbt dabei. Die Wolke
20%
Zwei Familien bauen ihr Fluchtobjekt selbst und versuchen damit in den Westen zu kommen. Beim zweiten Versuch landen sie dabei in Bayern. Ballon
14%
Rothaariger Junge geht heimlich mit seinem Vater zur Arbeit und hilft später diesem und seinen Kollegen mit guten Ideen weiter. Wickie und die starken Männer
9%
Männergruppe, die von Frauen enttäuscht wurde nimmt junge Frau bei sich auf, die fliehen musste. 7 Zwerge - Männer alleine im Wald
6%
Keine übereinstimmenden Quizze gefunden
Verteilung der Resultate
Anzahl Personen mit jedem Resultat
Perzentil nach korrekt beantworteten Fragen
Ihre Resultats-Entwicklung
Sie haben dieses Quiz noch nicht gespielt